| 000 | 00462nam a2200181Ia 4500 | ||
|---|---|---|---|
| 001 | 8907 | ||
| 005 | 20260306160644.0 | ||
| 008 | 260306t2010||||xx |||||||||||||| ||spa|| | ||
| 041 | _aESP | ||
| 082 |
_a371.9046 _bM82 |
||
| 100 |
_aMollins, Patricia _eAUT |
||
| 245 | 0 | _aCómo enseñar con proyectos integradores en la educación primaria | |
| 260 | _c2010 | ||
| 300 |
_a816 páginas : _c27 cm. |
||
| 650 | _aGEN | ||
| 654 | _aCED | ||
| 942 |
_cLIB _dJUS _fJUS _2ddc _n |
||
| 999 |
_c8907 _d8907 |
||